000 00613nam a2200193 i 4500
001 C2-0304632
003 PPAK
005 20180728085749.0
008 100607s xx a|||| ||||| | may d
040 _aPPAK
_beng
_cPPAK
_erda
245 0 0 _aTapak-tapak arkeologi di Semenanjung
264 1 _a[place of publication not identified] :
_b[publisher not identified] ,
_c[date of publication not identified]
300 _a15 pages :
_billustrations maps ;
_c29 cm
336 _2rdacontent
_atext
337 _2rdamedia
_aunmediated
338 _2rdacarrier
_avolume
500 _asalinan fotokopi
942 _ddc
_cB
999 _c107758
_d107758